|
|
|
|
| LEADER |
00000naa0a2200000 4500 |
| 001 |
641933 |
| 005 |
20250603144116.0 |
| 035 |
|
|
|a (RuTPU)RU\TPU\network\6864
|
| 035 |
|
|
|a RU\TPU\network\6053
|
| 090 |
|
|
|a 641933
|
| 100 |
|
|
|a 20150609d2011 k||y0engy50 ba
|
| 101 |
0 |
|
|a eng
|
| 102 |
|
|
|a SK
|
| 135 |
|
|
|a drcn ---uucaa
|
| 181 |
|
0 |
|a i
|
| 182 |
|
0 |
|a b
|
| 200 |
1 |
|
|a Structure and Parametric Definition of Linear Dynamic Object via Identification Based on Real Interpolation method
|f A. S. Alekseev, S. V. Zamyatin, M. I. Pushkarev
|
| 203 |
|
|
|a Text
|c electronic
|
| 300 |
|
|
|a Title screen
|
| 320 |
|
|
|a [References: p. 220 (8 tit.)]
|
| 330 |
|
|
|a The paper considers identification problem of linear dynamic object based on real interpolation method. It is provided the solution of raised problem that gives formalized algorithm for structure and parameters definition using as input data step-response function. Suggested approach gives possibility to build transfer function of analyzed object with pre-determinate level of relevant error in time domain. Numerical example is provided.
|
| 463 |
|
|
|t Full Papers
|o proceedings of 18th IEEE International Conference, June 19 -23, Chicago, 2011
|v [P. 216-220]
|d 2011
|
| 610 |
1 |
|
|a электронный ресурс
|
| 610 |
1 |
|
|a труды учёных ТПУ
|
| 610 |
1 |
|
|a identification
|
| 610 |
1 |
|
|a transfer functions
|
| 610 |
1 |
|
|a interpolation methods
|
| 700 |
|
1 |
|a Alekseev
|b A. S.
|c specialist in the field of automatic control systems
|c Associate Professor of Tomsk Polytechnic University, candidate of technical sciences
|f 1984-
|g Aleksandr Sergeevich
|3 (RuTPU)RU\TPU\pers\34818
|
| 701 |
|
1 |
|a Zamyatin
|b S. V.
|c specialist in the field of automatic control
|c associate Professor, Tomsk Polytechnic University, candidate of technical sciences
|f 1982-
|g Sergey Vladimirovich
|3 (RuTPU)RU\TPU\pers\30701
|
| 701 |
|
1 |
|a Pushkarev
|b M. I.
|c specialist in the field of automatic control
|c Associate Professor of Tomsk Polytechnic University, Candidate of Sciences
|f 1987-
|g Maksim Ivanovich
|3 (RuTPU)RU\TPU\pers\30702
|9 14982
|
| 801 |
|
2 |
|a RU
|b 63413507
|c 20150715
|g RCR
|
| 850 |
|
|
|a 63413507
|
| 856 |
4 |
|
|u https://www.kirp.chtf.stuba.sk/pc11/data/fullpapers.pdf
|
| 942 |
|
|
|c CF
|